Cost model (Record no. 78931)

MARC details
000 -LEADER
fixed length control field 00988cab a22002175a 4500
001 - CONTROL NUMBER
control field L138624
008 - FIXED-LENGTH DATA ELEMENTS--GENERAL INFORMATION
fixed length control field 070627e20070622xxko s 000 0 eng d
035 ## - SYSTEM CONTROL NUMBER
System control number (Sirsi) u138624
041 0# - LANGUAGE CODE
Language code of text/sound track or separate title eng
100 1# - MAIN ENTRY--PERSONAL NAME
Personal name Kalita, Neal
245 00 - TITLE STATEMENT
Title Cost model
Remainder of title visitor centres
260 ## - PUBLICATION, DISTRIBUTION, ETC.
Date of publication, distribution, etc. 2007
490 ## - SERIES STATEMENT
Series statement Building Magazine
Volume/sequential designation (25) 22 June 2007, 60-66(7)
520 ## - SUMMARY, ETC.
Summary, etc. Analyses aspects of the design and function of visitor centre buildings. They provide an opportunity to make an architectural statement. They are often a portal to an attraction, and can also act as a substitute for it. Therefore style and function need to be reconciled in the development of the building. Planning issues depend upon the type of attraction. A cost model and breakdown is presented.
590 ## - LOCAL NOTE (RLIN)
Local note KA
650 24 - SUBJECT ADDED ENTRY--TOPICAL TERM
Topical term or geographic name entry element PLANNING POLICY STATEMENT 7 (SUSTAINABLE DEVELOPMENT IN RURAL AREAS)
651 #4 - SUBJECT ADDED ENTRY--GEOGRAPHIC NAME
Geographic name United Kingdom
Chronological subdivision
690 ## - LOCAL SUBJECT ADDED ENTRY--TOPICAL TERM (OCLC, RLIN)
Topical term or geographic name as entry element BUILT ENVIRONMENT-BUILDING COSTS
700 1# - ADDED ENTRY--PERSONAL NAME
Personal name Langdon, Davis
942 ## - ADDED ENTRY ELEMENTS (KOHA)
Suppress in OPAC 0
Holdings
Withdrawn status Lost status Source of classification or shelving scheme Damaged status Not for loan Home library Current library Shelving location Date acquired Total Checkouts Full call number Barcode Date last seen Copy number Price effective from Koha item type
    Dewey Decimal Classification     London London Journal article 27/06/2007   L138624 138624-1001 06/08/2019 1 06/08/2019 Journal article